EW Entertainer of the Year Quiz Stats

 Plays Quiz Updated Jul 16, 2019

Score 0/27 Timer 06:00
0 Plays Today
Hint Person/Title % Correct
*Cast of this TV series:Friends
78.2%
AuthorJ.K. Rowling
54%
Animated characterBart Simpson
51.8%
Talk show hostJimmy Fallon
45.6%
*Cast of this TV series:Lost
43.7%
Movie directorSteven Spielberg
43.2%
TV actress/comedienneEllen DeGeneres
38.8%
Movie actorTom Hanks
36.9%
Movie actressJennifer Lawrence
33.5%
Actor / DirectorBen Affleck
30.5%
Female singerTaylor Swift
29.1%
Movie actressSandra Bullock
25.7%
News/talk show hostJon Stewart
24.5%
Movie actorLeonardo DiCaprio
24.1%
Hint Person/Title % Correct
*Cast of this TV series:Grey's Anatomy
22.8%
*Cast of this film:Lord of the Rings: The Return Of The King
22.6%
Male singerRicky Martin
20.5%
Talk show hostRosie O'Donnell
16.5%
Movie actress/directorJodie Foster
14.9%
Movie actorRyan Reynolds
14.5%
Movie actorDenzel Washington
14.3%
Movie actorRussell Crowe
14.1%
Movie actorDaniel Radcliffe
11.3%
Movie actressSandra Bullock
10.5%
Movie actressNicole Kidman
10.5%
Movie actorRobert Downey Jr
9.7%
*Cast of this TV series:Saturday Night Live
7.1%

You're not logged in!

Compare scores with friends on all Sporcle quizzes.
OR
Log In

Sporcle TV

Today on Sporcle TV


Watch our educational content, quiz creation guides, and fun videos on Sporcle TV.

Show Comments

Extras

Top Quizzes Today


Score Distribution

Your Account Isn't Verified!

In order to create a playlist on Sporcle, you need to verify the email address you used during registration. Go to your Sporcle Settings to finish the process.

Report this User

Report this user for behavior that violates our Community Guidelines.

Details: